京阪本線・鴨東線駅クイズ - Statistics

General Stats
  • This quiz has been taken 12 times
  • The average score is 34 of 42
Answer Stats
駅ナンバリング 乗り換え
駅名
% Correct
KH01 御堂筋線 淀屋橋
100%
KH02 堺筋線 北浜
100%
KH03 谷町線 天満橋
100%
KH27
100%
KH04 中野島線、JR環状線・東西線・学研都市線 京橋
90%
KH05 野江
90%
KH06 今里筋線 関目
90%
KH11 守口市
90%
KH13 大阪モノレール 門真市
90%
KH20 枚方公園
90%
KH21 交野線 枚方市
90%
KH26 石清水八幡宮参道ケーブル 石清水八幡宮
90%
KH28 宇治線 中書島
90%
KH07 森小路
80%
KH09 滝井
80%
KH10 土居
80%
KH12 西三荘
80%
KH15 大和田
80%
KH16 萱島
80%
KH17 寝屋川市
80%
KH18 香里園
80%
KH24 樟葉
80%
KH25 橋本
80%
KH29 伏見桃山
80%
KH30 近鉄京都線 丹波橋
80%
KH36 JR奈良線 東福寺
80%
KH37 七条
80%
KH38 清水五条
80%
KH39 祇園四条
80%
KH40 京都市営地下鉄東西線 三条
80%
KH42 叡山電鉄 出町柳
80%
KH08 千林
70%
KH14 古川橋
70%
KH19 光善寺
70%
KH22 御殿山
70%
KH23 牧野
70%
KH32 藤森
70%
KH33 龍谷大前深草
70%
KH34 伏見稲荷
70%
KH35 鳥羽街道
70%
KH41 神宮丸太町
70%
KH31 墨染
60%
No matching quizzes found
Score Distribution
Percent of People with Each Score
Percentile by Number Answered
Your Score History
You have not taken this quiz